| 000 | 00631nam a2200229 a 4500 | ||
|---|---|---|---|
| 005 | 20210219153532.0 | ||
| 008 | 991125n 000 0 u | ||
| 035 | _aUPN01000105190 | ||
| 100 | _aWalter, Pam | ||
| 222 | _aNEW DIRECTIONS FOR INSTITUTIONAL RESEARCH | ||
| 245 | _aWhen is a problem not a problem? | ||
| 300 | _a111-112 | ||
| 362 | _aNo. 78, 1993 | ||
| 505 | _aOctubre 1993 | ||
| 653 | 0 | _aCONTROL DE CALIDAD | |
| 653 | 0 | _aINVESTIGACION INSTITUCIONAL | |
| 653 | 0 | _aPLANEACION EDUCATIVA | |
| 653 | 0 | _aRESOLUCION DE PROBLEMAS | |
| 653 | 0 | _aSISTEMAS DE DIRECCION | |
| 904 |
_aAC _b043001 |
||
| 905 | _aArticulo | ||
| 999 |
_c79317 _d79317 |
||